<?xml version="1.0" encoding="UTF-8"?>
<record
    xmlns:xsi="http://www.w3.org/2001/XMLSchema-instance"
    xsi:schemaLocation="http://www.loc.gov/MARC21/slim http://www.loc.gov/standards/marcxml/schema/MARC21slim.xsd"
    xmlns="http://www.loc.gov/MARC21/slim">

  <leader>01719nam a2200385   4500</leader>
  <controlfield tag="001">2045313</controlfield>
  <controlfield tag="003">000</controlfield>
  <controlfield tag="005">20150305110326.0</controlfield>
  <controlfield tag="007">000</controlfield>
  <controlfield tag="008">000  </controlfield>
  <datafield tag="010" ind1=" " ind2=" ">
    <subfield code="a">   92248499 </subfield>
  </datafield>
  <datafield tag="020" ind1=" " ind2=" ">
    <subfield code="a">0851862365</subfield>
  </datafield>
  <datafield tag="040" ind1=" " ind2=" ">
    <subfield code="a">UOEL</subfield>
    <subfield code="c">DLC</subfield>
    <subfield code="d">DLC</subfield>
  </datafield>
  <datafield tag="050" ind1="0" ind2="0">
    <subfield code="a">RB56</subfield>
    <subfield code="b">.I58 1991</subfield>
  </datafield>
  <datafield tag="082" ind1="0" ind2="0">
    <subfield code="a">615/.1901</subfield>
    <subfield code="2">20</subfield>
  </datafield>
  <datafield tag="111" ind1="2" ind2=" ">
    <subfield code="a">International Bioanalytical Forum</subfield>
    <subfield code="n">(9th :</subfield>
    <subfield code="d">1991:</subfield>
    <subfield code="c">Guildford, England)</subfield>
  </datafield>
  <datafield tag="245" ind1="0" ind2="0">
    <subfield code="a">Bioanalytical approaches for drugs, including anti-asthmatics and metabolites /</subfield>
    <subfield code="c">edited by Eric Reid, Ian D. Wilson.</subfield>
  </datafield>
  <datafield tag="260" ind1=" " ind2=" ">
    <subfield code="a">Cambridge :</subfield>
    <subfield code="b">Royal Society of Chemistry,</subfield>
    <subfield code="c">c1992.</subfield>
  </datafield>
  <datafield tag="300" ind1=" " ind2=" ">
    <subfield code="a">xiii, 356 p. :</subfield>
    <subfield code="b">ill. ;</subfield>
    <subfield code="c">24 cm.</subfield>
  </datafield>
  <datafield tag="490" ind1="1" ind2=" ">
    <subfield code="a">Methodological surveys in biochemistry and analysis ;</subfield>
    <subfield code="v">v. 22 (A</subfield>
  </datafield>
  <datafield tag="490" ind1="1" ind2=" ">
    <subfield code="a">Special publication ;</subfield>
    <subfield code="v">no. 110</subfield>
  </datafield>
  <datafield tag="500" ind1=" " ind2=" ">
    <subfield code="a">"Based on proceedings of the Ninth International Bioanalytical Forum entitled Bioanalysis of Drugs, includes Anti-allergics and Anti-asthmatics, held September 3-6, 1991 in Guildford, UK"--T.p. verso.</subfield>
  </datafield>
  <datafield tag="504" ind1=" " ind2=" ">
    <subfield code="a">Includes bibliographical references and indexes.</subfield>
  </datafield>
  <datafield tag="650" ind1=" " ind2="0">
    <subfield code="a">Drugs</subfield>
    <subfield code="x">Analysis</subfield>
    <subfield code="x">Congresses.</subfield>
  </datafield>
  <datafield tag="650" ind1=" " ind2="0">
    <subfield code="a">Antiasthmatic agents</subfield>
    <subfield code="x">Analysis</subfield>
    <subfield code="x">Congresses.</subfield>
  </datafield>
  <datafield tag="650" ind1=" " ind2="0">
    <subfield code="a">Body fluids</subfield>
    <subfield code="x">Analysis</subfield>
    <subfield code="x">Congresses.</subfield>
  </datafield>
  <datafield tag="700" ind1="1" ind2=" ">
    <subfield code="a">Reid, Eric,</subfield>
    <subfield code="d">1922-</subfield>
  </datafield>
  <datafield tag="700" ind1="1" ind2=" ">
    <subfield code="a">Wilson, Ian D.</subfield>
  </datafield>
  <datafield tag="830" ind1=" " ind2="0">
    <subfield code="a">Methodological surveys in biochemistry and analysis ;</subfield>
    <subfield code="v">v. 22.</subfield>
  </datafield>
  <datafield tag="830" ind1=" " ind2="0">
    <subfield code="a">Methodological surveys in biochemistry and analysis.</subfield>
    <subfield code="n">Subseries A,</subfield>
    <subfield code="p">Analysis.</subfield>
  </datafield>
  <datafield tag="830" ind1=" " ind2="0">
    <subfield code="a">Special publication (Royal Society of Chemistry (Great Britain)) ;</subfield>
    <subfield code="v">no. 110.</subfield>
  </datafield>
  <datafield tag="906" ind1=" " ind2=" ">
    <subfield code="a">7</subfield>
    <subfield code="b">cbc</subfield>
    <subfield code="c">orignew</subfield>
    <subfield code="d">2</subfield>
    <subfield code="e">ncip</subfield>
    <subfield code="f">19</subfield>
    <subfield code="g">y-gencatlg</subfield>
  </datafield>
  <datafield tag="942" ind1=" " ind2=" ">
    <subfield code="2">lcc</subfield>
    <subfield code="c">LL</subfield>
  </datafield>
  <datafield tag="999" ind1=" " ind2=" ">
    <subfield code="c">2599</subfield>
    <subfield code="d">2599</subfield>
  </datafield>
  <datafield tag="952" ind1=" " ind2=" ">
    <subfield code="0">0</subfield>
    <subfield code="1">0</subfield>
    <subfield code="2">lcc</subfield>
    <subfield code="4">0</subfield>
    <subfield code="7">0</subfield>
    <subfield code="a">UOE</subfield>
    <subfield code="b">UOE</subfield>
    <subfield code="c">GEN</subfield>
    <subfield code="d">2015-03-05</subfield>
    <subfield code="l">0</subfield>
    <subfield code="o">RB56 .I58 1991</subfield>
    <subfield code="p">10055729</subfield>
    <subfield code="r">2026-04-27 11:56:39</subfield>
    <subfield code="t">10055729</subfield>
    <subfield code="w">2015-03-05</subfield>
    <subfield code="y">LL</subfield>
  </datafield>
  <datafield tag="952" ind1=" " ind2=" ">
    <subfield code="0">0</subfield>
    <subfield code="1">0</subfield>
    <subfield code="2">lcc</subfield>
    <subfield code="4">0</subfield>
    <subfield code="7">0</subfield>
    <subfield code="a">UOE</subfield>
    <subfield code="b">UOE</subfield>
    <subfield code="c">GEN</subfield>
    <subfield code="d">2015-03-05</subfield>
    <subfield code="l">0</subfield>
    <subfield code="o">RB56 .I58 1991</subfield>
    <subfield code="p">10055728</subfield>
    <subfield code="r">2026-04-27 11:56:39</subfield>
    <subfield code="t">10055728</subfield>
    <subfield code="w">2015-03-05</subfield>
    <subfield code="y">LL</subfield>
  </datafield>
  <datafield tag="952" ind1=" " ind2=" ">
    <subfield code="0">0</subfield>
    <subfield code="1">0</subfield>
    <subfield code="2">lcc</subfield>
    <subfield code="4">0</subfield>
    <subfield code="7">0</subfield>
    <subfield code="a">UOE</subfield>
    <subfield code="b">UOE</subfield>
    <subfield code="c">GEN</subfield>
    <subfield code="d">2015-03-05</subfield>
    <subfield code="l">0</subfield>
    <subfield code="o">RB56 .I58 1991</subfield>
    <subfield code="p">10055727</subfield>
    <subfield code="r">2026-04-27 11:56:39</subfield>
    <subfield code="t">10055727</subfield>
    <subfield code="w">2015-03-05</subfield>
    <subfield code="y">LL</subfield>
  </datafield>
  <datafield tag="952" ind1=" " ind2=" ">
    <subfield code="0">0</subfield>
    <subfield code="1">0</subfield>
    <subfield code="2">lcc</subfield>
    <subfield code="4">0</subfield>
    <subfield code="7">0</subfield>
    <subfield code="a">UOE</subfield>
    <subfield code="b">UOE</subfield>
    <subfield code="c">GEN</subfield>
    <subfield code="d">2015-03-05</subfield>
    <subfield code="l">0</subfield>
    <subfield code="o">RB56 .I58 1991</subfield>
    <subfield code="p">10055726</subfield>
    <subfield code="r">2026-04-27 11:56:39</subfield>
    <subfield code="t">10055726</subfield>
    <subfield code="w">2015-03-05</subfield>
    <subfield code="y">LL</subfield>
  </datafield>
</record>
